01385nam a2200265 a 450000100100000000500170001000800410002702000150006804000250008310000390010824501320014725000120027926000810029130000390037249000260041150000690043750400730050670000570057971001130063683000260074995201110077595201110088695201050099799900170110200004038420201002034110.0130823s2000 mx 000 0 spa d a9683664199 aDO-SdBNPbspacBNPHU1 aTorre Villar, Ernesto de la96628110aElogio y defensa del libro /cErnesto de la Torre Villar ; prólogo y notas al discurso de Juan Bautista Valenzuela Velazquez. a4a. ed. aMéxico :bDirección General de Publicaciones y Fomento Editorial,c2000. a124, 14 páginas : ilustraciones.1 aBiblioteca del editor aIncluye datos biográficos del autor en la solapa de la portada aIncluye referencias bibliográficas y notas al pie de las páginas1 aValenzuela Velazquez, Juan Bautista,epról.9666812 aUniversidad Nacional Autónoma de México. Dirección General de Publicaciones y Fomento Editorial966682 0aBiblioteca del966683 001050718MOaGRbGRcCTd2013-08-23iLF1l0o p40384-10r2020-06-25te. 3w2020-06-25y1ZNo se presta 001050718MOaGRbGRcCTd2013-08-23iLF1l0o p40384-20r2020-06-25te. 2w2020-06-25y1ZNo se presta 001050718MOaGRbGRcCTd2013-08-23iLF1l0o p40384-30r2020-06-25w2020-06-25y1ZNo se presta c39874d39874